| 000 | 00335pam a2200133a 44500 | ||
|---|---|---|---|
| 008 | 230405s2022 xxu||||| |||| 00| 0 eng d | ||
| 041 | _aENG | ||
| 100 | _aBECKETT /STENLAKE | ||
| 245 | _aPRACTICAL PHARMACEUTICAL CHEMISTRY PART TWO | ||
| 250 | _a1 | ||
| 260 |
_aNEW DELHI _bS VIKAS PUBLISHING _c2022 |
||
| 300 | _a602 | ||
| 906 | _a2966 | ||
| 999 |
_c278237 _d278237 |
||